América Latina Internacional /
Uloženo v:
| Korporativní autor: | |
|---|---|
| Médium: | Kniha |
| Jazyk: | Spanish |
| Vydáno: |
Buenos Aires, Argentina:
FLACSO
|
| Témata: | |
| Tagy: |
Přidat tag
Žádné tagy, Buďte první, kdo vytvoří štítek k tomuto záznamu!
|
MARC
| LEADER | 00000nam a22000007a 4500 | ||
|---|---|---|---|
| 003 | cru CIDCACS/IIS | ||
| 005 | 20200925161246.0 | ||
| 007 | ta | ||
| 008 | 170316n ag ||||| |||| 00| 0 spa d | ||
| 999 | |c 19004 |d 19004 | ||
| 040 | |c CRAI/IIS |a CRAI/IIS | ||
| 090 | |a REV0024 | ||
| 110 | 2 | |9 3388 |a Facultad Latinoamericana de Ciencias Sociales | |
| 245 | 1 | |a América Latina Internacional / |c FLACSO | |
| 260 | |a Buenos Aires, Argentina: |b FLACSO | ||
| 270 | |a Federico Lacroz 2097 casilla 145- soc. 26, 146 |b Buenos Aires |d Argentina | ||
| 500 | |a Trimestral | ||
| 500 | |a EXISTENCIAS:1984-1990 1-7 (1-26*) 1991 8 (27-30) 1992 9 (31-34) | ||
| 500 | |a 1985-1986 1-2 CRONOLOGIAS, RELACIONES INTERNACIONELAS DE ARGENTINA | ||
| 500 | |a Ya no se recibe | ||
| 650 | 4 | |9 3217 |a PROBLEMAS POLITICOS | |
| 650 | 4 | |9 2646 |a RELACIONES INTERNACIONALES | |
| 650 | 1 | 0 | |9 382 |a POLITICA INTERNACIONAL |
| 650 | 1 | 0 | |9 98 |a FLACSO |
| 651 | 1 | 0 | |9 17 |a AMERICA LATINA |
| 651 | 1 | 0 | |9 245 |a ESTADOS UNIDOS |
| 942 | |2 ddc |c PP | ||
